000 00450cam a22001812a 4500
001 001687
003 AR-FADEU
008 311216n1988####xxu####################dd
092 _aD342.827 3
_bR585
110 _aRío Negro. Provincia
245 _aConstitución de la provincia de Río Negro
260 _aViedma
260 _bMinisterio de Gobierno
260 _c1988
300 _a49 p
650 _aCONSTITUCION DE RIO NEGRO
942 _cBDGR
999 _c7525
_d7525